<?xml version="1.0" encoding="UTF-8"?>
<collection xmlns:xsi="http://www.w3.org/2001/XMLSchema-instance" xsi:schemaLocation="http://www.loc.gov/MARC21/slim http://www.loc.gov/standards/marcxml/schema/MARC21slim.xsd" xmlns="http://www.loc.gov/MARC21/slim">
 <record>
  <leader>00000cam a22000003a 4500</leader>
  <controlfield tag="001">UP-1685594773861924104</controlfield>
  <controlfield tag="003">Buklod</controlfield>
  <controlfield tag="005">20130723124546.0</controlfield>
  <controlfield tag="006">g||| |     ||   ||</controlfield>
  <controlfield tag="007">ta</controlfield>
  <controlfield tag="008">130723s2011    xx     d     r    |||| u|</controlfield>
  <datafield tag="020" ind1=" " ind2=" ">
   <subfield code="a">9789719515709</subfield>
  </datafield>
  <datafield tag="035" ind1=" " ind2=" ">
   <subfield code="a">(iLib)UPBAG-00010937594</subfield>
  </datafield>
  <datafield tag="041" ind1=" " ind2=" ">
   <subfield code="a">Eng</subfield>
  </datafield>
  <datafield tag="090" ind1=" " ind2="0">
   <subfield code="a">QC 981.8 C5</subfield>
   <subfield code="b">L43 2011</subfield>
  </datafield>
  <datafield tag="100" ind1="0" ind2=" ">
   <subfield code="a">Legarda, Loren</subfield>
  </datafield>
  <datafield tag="245" ind1="0" ind2="1">
   <subfield code="a">Climate change message of our times</subfield>
   <subfield code="b">excerpts from Senator Loren Lagarda's speeches</subfield>
   <subfield code="c">Loren Legarda.</subfield>
  </datafield>
  <datafield tag="264" ind1=" " ind2="1">
   <subfield code="a">Malabon City</subfield>
   <subfield code="b">Libro ni Loren Foundation</subfield>
   <subfield code="c">2011.</subfield>
  </datafield>
  <datafield tag="300" ind1=" " ind2=" ">
   <subfield code="a">166 p.</subfield>
   <subfield code="b">col., ill.</subfield>
   <subfield code="c">23 cm.</subfield>
  </datafield>
  <datafield tag="505" ind1="0" ind2=" ">
   <subfield code="a">Chapter 1: Privelage speeches:CPR for mother earth.Speech delivered on October 1, 2007;An agenda for climate change adaptation. Speech delivered on January 28, 2008; Pioneering grassroots initiatives for the environment. Speech delivered on April 21, 2008 ;A call to build capacities to combat global warming. Speech delivered on June 3,2008; Responding to the present,securing the future. Speech delivered on November 10,2008; The message of our times. Speech delivered on June 2,2009; Privilege speech on the Ondoy disaster. Speech delivered on September 28,2009; The human face of climate change. Speech delivered on August 10,2010; Millenium development goals and climate change. Speech delivered on September 20,2010; A year after Ondoy. Speech delivered on September 27,2010; International day of disaster reduction. Speech delivered on October 13, 2010; International year of biodiversity. Speech delivered on December 15,2010; Revealing risks,redefining development. Speech delivered on June 1,2011 -- Chapter 2: Speeches in various fora:A new hue of Agroforestry. Speech delivered on May 19,2009 at the conference-workshop on climate change adaptation through Agroforestry held at the International Rice Research Institute Los Banos, Laguna;  The challenge of our times. Speech delivered on October 26, 2009 at the national conference on climate change adaptation held at the Diamond Hotel,Manila; Keynote speech at the national conference on climate change adaptation in watershed context.Speech delivered on November 10, 2009 in Isulan, Sultan Kudarat; A good reason to hope. Speech delivered on October 11,2010 at the Launch of Redefining Development held at the Shangri-La Hotel, Makati City; Keynote speech at the Cebu Launch of the Making Cities and Municipalities Resilient:&quot;My City, My Town is Getting Ready&quot; campaign. Speech delivered on January 13,2011 at the Cebu Provincial Capitol Social Hall, Cebu City; Opening remarks at the lecture on the security implications of climate change.Speech delivered on January 26,2011 at the Senate of the Philippines,Pasay City; Conserving biodiversity amidst climate change.Speech delivered om February 1, 2011 at the international conference on biodiversity and climate change held at the Philippine International Convention Center, Pasay City; Closing remarks at the technical briefing on the Joint World Bank-UN publication: Natural hazards,unnatural disasters: The economics of disaster prevention. Speech delivered on February 9,2011 at the Senate of the Philippines,Pasay City;Opening remarks at the Manila Launch of the Making Cities and Municipalities resilient: &quot;My  City,My Town is Getting Read!&quot;campaign. Speech delivered on February 11,2011 at East Rembo Elementary School,Makati City;Issues and challenges in legislation on climate change. Speech delivered on February 14,2011 at the 8th Ambassador Alfonso Yuchengco Policy Conference held at the Mandarin Oriental Hotel,Makati City--Chapter 3:Speeches in international fora:Welcome and opening remarks at the UNISDR Consultative meeting with Parliamentarians on making disaster risk reduction a tool for adapting to climate change.Speech delivered on October 17,at the Shangri-La Hotel,Makati City, Philippines;Welcome remarks at the 3rd global congress of women in politics.Speech delivered on October 19,2008 at the Shangri-La Hotel,Makati City,Philippines;Making disaster risk reduction a tool for adapting climate change:report on the UNISDRC Consultative meeting with Parliamentaries at the 3rd global congress of women in politics.Speech delivered on October 20, 2008 at the Shangri-La Hotel,Makati City,Philippines;A 21st century parliamentarian's legacy.Speech delivered on November 22,2008 at the 8th annual conference of the parliamentary network on the world bank (PNo WB) in Rue Saint-Dominique,Paris,France;Acceptance speech:now is the time.Speech delivered on December 2-4,2008 at the third Asian Ministerial conference on disaster risk reduction in Kuala Lumpur,Malaysia;The challenges are clear:opening address delivered on April 2009 at the international conference on disaster risk reduction and gender in Beijing,China;Redefining development:keynote address delivered on May 29,2009 at the national senitization workshop on disaster risk reduction in Thimpu,Bhutan;Item 49:sustainable development and agenda 21.Speech delivered on October 27,2008 at the 63rd session,plenary session of the Second committee (Economic and Financial)United Nations general assembly;United Nations general assembly agenda item 47 integrated adn coordinated implementation of and follow up to the outcomes of the major United Nations conferences and summits in the economic,social and related fields speech delivered on November 3, 2008 at the United Nations headquarters,New York City;Challenging development norms for disaster risk reduction.Speech delivered on June 16,2009 at the second session of the global platform on disaster risk reduction in Geneva,Switzerland;Remarks:public launch of world disaster report.Speech delivered on June 17,2009 at the Public Launch of the 2009 world disaster report in Geneva,Switzerland;The Greatest development challenge of our time.Speech delivered on June 23,2009 at the Global humanitarian forum 2009 human impact of climate change:new challenges for humanitarianism and sustainable development in Geneva,Switzerland;Opening and closing remarks at the 15th conference of the parties to the United Nations Framework Convention on Climate Change Parliamentary meeting on the politics of climate change legislation.Speech delivered on December 16,2009 in Copenhagen,Denmark;Welcome remarks at the COP 15 investing in women's leadership for climate solutions forum.Speech delivered on December 17, 2009 in Conpenhagen, Denmark;Welcome remarks at the UNISDR Consultative meeting for Asian Parliamentarians in disaster risk reduction:an instrument for achieving the millenium development goals.Speech delivered on November 25, 2010 at the Shangri-La Hotel,Makati City,Philippines;Towards integration,common understanding, and cooperation for effective disaster risk reduction and climate change adaptation:keynote address delivered on March 4,2011 at the 2nd National forum on disaster risk reduction adn climate change adaptation in Hanoi,Viet Nam.</subfield>
  </datafield>
  <datafield tag="650" ind1="0" ind2="0">
   <subfield code="a">Climatic changes</subfield>
   <subfield code="z">Philippines.</subfield>
  </datafield>
  <datafield tag="852" ind1="0" ind2=" ">
   <subfield code="a">UPBAG</subfield>
   <subfield code="b">KTRC</subfield>
   <subfield code="h">QC 981.8.C5 L43 2011</subfield>
  </datafield>
  <datafield tag="852" ind1="0" ind2=" ">
   <subfield code="a">UPD</subfield>
   <subfield code="b">DMC</subfield>
   <subfield code="h">QC 981.8 C5</subfield>
   <subfield code="i">L43 2011</subfield>
  </datafield>
  <datafield tag="942" ind1=" " ind2=" ">
   <subfield code="a">Book</subfield>
  </datafield>
 </record>
</collection>
